000 005560000a22001810004500
003 MACL
005 20160525124813.0
008 160525b xxu||||| |||| 00| 0 eng d
040 _aMACL
_cMACL
041 _aHindi
082 _a891.432 NEE
100 _aनीलाभ
_9555
245 _aचार काव्‍य नाटक
_cनीलाभ
260 _aइलाहाबाद
_bसदानीरा प्रकाशन
_c2012
350 _a150
650 _aकाव्‍य नाटक
_959379
942 _cHIN
_k891.432/NEE/D
_2ddc
999 _c47475
_d47475